[Event "Is Bankasi Online Satranc Turn 17-18 YAS"]
[Site "T#646243Mustafa Kemal"]
[Date "2020.05.22"]
[Round "9"]
[White "Burakcanaksoz58"]
[Black "merttosun42"]
[Result "0-1"]
[WhiteElo "1601"]
[BlackElo "1642"]
[Annotator "NA RC"]
[PlyCount "136"]
[EventDate "2020.05.22"]
[EventType "swiss (blitz)"]

1. d4 {[%emt 0:00:03]} d5 {[%emt 0:00:02]} 2. c4 {[%emt 0:00:01]} c6 {[%emt 0:00:01]} 3. Nf3 {[%emt 0:00:02]} Bg4 {[%emt 0:00:03]} 4. e3 {[%emt 0:00:02]} e6 {[%emt 0:00:01]} 5. Nc3 {[%emt 0:00:02]} f5 {[%emt 0:00:01]} 6. Be2 {[%emt 0:00:10]} Bd6 {[%emt 0:00:07]} 7. h3 {[%emt 0:00:07]} Bh5 {[%emt 0:00:01]} 8. a3 {[%emt 0:00:13]} Nf6 {[%emt 0:00:02]} 9. b4 {[%emt 0:00:01]} a5 {[%emt 0:00:08]} 10. b5 {[%emt 0:00:14]} O-O {[%emt 0:00:06]} 11. c5 {[%emt 0:00:20]} Be7 {[%emt 0:00:07]} 12. O-O {[%emt 0:00:02]} Nbd7 {[%emt 0:00:23]} 13. Rb1 {[%emt 0:00:15]} Re8 {[%emt 0:00:11]} 14. Qa4 {[%emt 0:00:19]} cxb5 {[%emt 0:00:08]} 15. Qxb5 {[%emt 0:00:16]} Rb8 {[%emt 0:00:19]} 16. Na4 {[%emt 0:00:18]} Ne4 {[%emt 0:00:11]} 17. Bd2 {[%emt 0:00:22]} Bxf3 {[%emt 0:00:03]} 18. Bxa5 {[%emt 0:00:04]} Bxe2 {[%emt 0:00:12]} 19. Bxd8 {[%emt 0:00:07]} Bxb5 {[%emt 0:00:02]} 20. Rxb5 {[%emt 0:00:02]} Bxd8 {[%emt 0:00:08]} 21. Rfb1 {[%emt 0:00:02]} Ndf6 {[%emt 0:00:23]} 22. f3 {[%emt 0:00:07]} Nd2 {[%emt 0:00:08]} 23. Rd1 {[%emt 0:00:12]} Nc4 {[%emt 0:00:04]} 24. c6 {[%emt 0:00:04]} Nxe3 {[%emt 0:00:16]} 25. Re1 {[%emt 0:00:02]} Nc2 {[%emt 0:00:06]} 26. Re2 {[%emt 0:00:03]} Nxa3 {[%emt 0:00:03]} 27. Rb3 {[%emt 0:00:02]} Nc4 {[%emt 0:00:09]} 28. cxb7 {[%emt 0:00:01]} Re7 {[%emt 0:00:05]} 29. Nc5 {[%emt 0:00:01]} Na5 {[%emt 0:00:04]} 30. Nxe6 {[%emt 0:00:13]} Nxb3 {[%emt 0:00:05]} 31. Rb2 {[%emt 0:00:05]} Rexb7 {[%emt 0:00:12]} 32. Nxd8 {[%emt 0:00:02]} Rxd8 {[%emt 0:00:01]} 33. Re2 {[%emt 0:00:02]} Kf7 {[%emt 0:00:02]} 34. Kf2 {[%emt 0:00:02]} Nxd4 {[%emt 0:00:02]} 35. Rd2 {[%emt 0:00:01]} Ne6 {[%emt 0:00:04]} 36. g3 {[%emt 0:00:01]} Rdb8 {[%emt 0:00:01]} 37. f4 {[%emt 0:00:01]} Rb2 {[%emt 0:00:01]} 38. Ke2 {[%emt 0:00:01]} Rxd2+ {[%emt 0:00:01]} 39. Kxd2 {[%emt 0:00:00]} Nd4 {[%emt 0:00:01]} 40. Kd3 {[%emt 0:00:01]} Nf3 {[%emt 0:00:01]} 41. Ke3 {[%emt 0:00:01]} Ng1 {[%emt 0:00:01]} 42. h4 {[%emt 0:00:01]} Nh3 {[%emt 0:00:02]} 43. Kf3 {[%emt 0:00:01]} Ng4 {[%emt 0:00:02]} 44. h5 {[%emt 0:00:01]} d4 {[%emt 0:00:02]} 45. Kg2 {[%emt 0:00:01]} d3 {[%emt 0:00:02]} 46. Kxh3 {[%emt 0:00:01]} d2 {[%emt 0:00:01]} 47. Kh4 {[%emt 0:00:01]} d1=Q {[%emt 0:00:03]} 48. Kg5 {[%emt 0:00:01]} h6+ {[%emt 0:00:02]} 49. Kxf5 {[%emt 0:00:01]} Qd7+ {[%emt 0:00:02]} 50. Ke4 {[%emt 0:00:01]} Rb4+ {[%emt 0:00:01]} 51. Kf3 {[%emt 0:00:01]} Nh2+ {[%emt 0:00:04]} 52. Kg2 {[%emt 0:00:01]} Qd2+ {[%emt 0:00:03]} 53. Kh3 {[%emt 0:00:01]} Rxf4 {[%emt 0:00:05]} 54. gxf4 {[%emt 0:00:02]} Qxf4 {[%emt 0:00:03]} 55. Kg2 {[%emt 0:00:02]} Ng4 {[%emt 0:00:02]} 56. Kh3 {[%emt 0:00:10]} Qf3+ {[%emt 0:00:02]} 57. Kh4 {[%emt 0:00:03]} Qa3 {[%emt 0:00:02]} 58. Kxg4 {[%emt 0:00:01]} Qe7 {[%emt 0:00:02]} 59. Kf4 {[%emt 0:00:01]} Qe6 {[%emt 0:00:01]} 60. Kg3 {[%emt 0:00:01]} Qf5 {[%emt 0:00:01]} 61. Kh4 {[%emt 0:00:01]} Qf4+ {[%emt 0:00:01]} 62. Kh3 {[%emt 0:00:01]} Qg5 {[%emt 0:00:01]} 63. Kh2 {[%emt 0:00:01]} Qg4 {[%emt 0:00:01]} 64. Kh1 {[%emt 0:00:01]} Kf6 {[%emt 0:00:01]} 65. Kh2 {[%emt 0:00:01]} Kf5 {[%emt 0:00:01]} 66. Kh1 {[%emt 0:00:01]} Kf4 {[%emt 0:00:02]} 67. Kh2 {[%emt 0:00:01]} Kf3 {[%emt 0:00:02]} 68. Kh1 {[%emt 0:00:01]} Qg2# {[%emt 0:00:02] (Lag: Av=0.75s, max=1.6s)} 0-1

[Event "Is Bankasi Online Satranc Turn 17-18 YAS"]
[Site "T#646243Mustafa Kemal"]
[Date "2020.05.22"]
[Round "9"]
[White "Mehmetkozak72"]
[Black "Ahmetemreoztur80"]
[Result "0-1"]
[WhiteElo "1511"]
[BlackElo "1588"]
[Annotator "NA RC"]
[PlyCount "63"]
[EventDate "2020.05.22"]
[EventType "swiss (blitz)"]

1. e4 {[%emt 0:00:05]} c5 {[%emt 0:00:04]} 2. f4 {[%emt 0:00:00]} e6 {[%emt 0:00:03]} 3. Nf3 {[%emt 0:00:00]} d5 {[%emt 0:00:02]} 4. e5 {[%emt 0:00:05]} Ne7 {[%emt 0:00:15]} 5. d4 {[%emt 0:00:01]} Ng6 {[%emt 0:00:07]} 6. Be3 {[%emt 0:00:08]} b6 {[%emt 0:00:06]} 7. Bd3 {[%emt 0:00:17]} c4 {[%emt 0:00:22]} 8. Be2 {[%emt 0:00:08]} Be7 {[%emt 0:00:02]} 9. b3 {[%emt 0:00:01]} b5 {[%emt 0:00:02]} 10. Nc3 {[%emt 0:00:07]} Bd7 {[%emt 0:00:04]} 11. a4 {[%emt 0:00:04]} b4 {[%emt 0:00:07]} 12. Nb1 {[%emt 0:00:14]} c3 {[%emt 0:00:07]} 13. Qd3 {[%emt 0:00:04]} O-O {[%emt 0:00:11]} 14. Nxc3 {[%emt 0:00:02]} bxc3 {[%emt 0:00:02]} 15. Qxc3 {[%emt 0:00:00]} a5 {[%emt 0:00:03]} 16. h4 {[%emt 0:00:10]} Bb4 {[%emt 0:00:02]} 17. Qxb4 {[%emt 0:00:03]} axb4 {[%emt 0:00:01]} 18. h5 {[%emt 0:00:01]} Ne7 {[%emt 0:00:08]} 19. g4 {[%emt 0:00:04]} f6 {[%emt 0:00:20]} 20. g5 {[%emt 0:00:12]} f5 {[%emt 0:00:05]} 21. h6 {[%emt 0:00:16]} g6 {[%emt 0:00:03]} 22. Nh4 {[%emt 0:00:09]} Nbc6 {[%emt 0:00:03]} 23. Nxg6 {[%emt 0:00:10]} Nxg6 {[%emt 0:00:02]} 24. Bh5 {[%emt 0:00:01]} Be8 {[%emt 0:00:03]} 25. O-O-O {[%emt 0:00:06]} Qc7 {[%emt 0:00:12]} 26. Bd2 {[%emt 0:00:07]} Rb8 {[%emt 0:00:08]} 27. Rdg1 {[%emt 0:00:05]} Na5 {[%emt 0:00:05]} 28. Bxg6 {[%emt 0:00:05]} Bxg6 {[%emt 0:00:00]} 29. Rh2 {[%emt 0:00:04]} Nxb3+ {[%emt 0:00:01]} 30. Kd1 {[%emt 0:00:02]} Nxd2 {[%emt 0:00:03]} 31. Kxd2 {[%emt 0:00:00]} Qc3+ {[%emt 0:00:01]} 32. Kc1 {[%emt 0:00:01] Mehmetkozak72 terk eder (Lag: Av=0.41s, max=1.1s)} 0-1

[Event "Is Bankasi Online Satranc Turn 17-18 YAS"]
[Site "T#646243Mustafa Kemal"]
[Date "2020.05.22"]
[Round "9"]
[White "Atahanbulut70"]
[Black "Ahmetay38"]
[Result "0-1"]
[WhiteElo "1338"]
[BlackElo "1325"]
[Annotator "NA RC"]
[PlyCount "30"]
[EventDate "2020.05.22"]
[EventType "swiss (blitz)"]

1. e4 {[%emt 0:00:03]} c6 {[%emt 0:00:04]} 2. Nc3 {[%emt 0:00:08]} d5 {[%emt 0:00:00]} 3. exd5 {[%emt 0:00:03]} cxd5 {[%emt 0:00:00]} 4. d3 {[%emt 0:00:05]} Nf6 {[%emt 0:00:03]} 5. Bg5 {[%emt 0:00:11]} Bf5 {[%emt 0:00:04]} 6. Qf3 {[%emt 0:00:15]} e6 {[%emt 0:00:02]} 7. Nb5 {[%emt 0:00:10]} Qa5+ {[%emt 0:00:10]} 8. Kd1 {[%emt 0:00:19]} Qxb5 {[%emt 0:00:04]} 9. Qf4 {[%emt 0:00:29]} Bg4+ {[%emt 0:00:19]} 10. f3 {[%emt 0:00:09]} Bf5 {[%emt 0:00:04]} 11. Qe5 {[%emt 0:00:22]} Nbd7 {[%emt 0:00:07]} 12. Qc3 {[%emt 0:00:12]} Bb4 {[%emt 0:00:16]} 13. Qc7 {[%emt 0:00:18]} Qc5 {[%emt 0:00:15]} 14. Qf4 {[%emt 0:00:10]} Rc8 {[%emt 0:00:05]} 15. Bxf6 {[%emt 0:00:32]} Qxc2# {[%emt 0:00:02] (Lag: Av=0.45s, max=0.5s)} 0-1

[Event "Is Bankasi Online Satranc Turn 17-18 YAS"]
[Site "T#646243Mustafa Kemal"]
[Date "2020.05.22"]
[Round "9"]
[White "Mahmutemrekord40"]
[Black "batuhantasagil42"]
[Result "0-1"]
[WhiteElo "1219"]
[BlackElo "1473"]
[Annotator "NA RC"]
[PlyCount "94"]
[EventDate "2020.05.22"]
[EventType "swiss (blitz)"]

1. e4 {[%emt 0:00:06]} e5 {[%emt 0:00:03]} 2. Nf3 {[%emt 0:00:02]} Nc6 {[%emt 0:00:03]} 3. Nc3 {[%emt 0:00:02]} Bb4 {[%emt 0:00:08]} 4. Bb5 {[%emt 0:00:03]} Bxc3 {[%emt 0:00:06]} 5. Bxc6 {[%emt 0:00:02]} Bxd2+ {[%emt 0:00:09]} 6. Qxd2 {[%emt 0:00:03]} bxc6 {[%emt 0:00:01]} 7. Nxe5 {[%emt 0:00:03]} Nf6 {[%emt 0:00:09]} 8. Nf3 {[%emt 0:00:14]} Nxe4 {[%emt 0:00:03]} 9. Qe2 {[%emt 0:00:05]} Qe7 {[%emt 0:00:06]} 10. Rf1 {[%emt 0:00:09]} O-O {[%emt 0:00:10]} 11. Bf4 {[%emt 0:00:09]} d6 {[%emt 0:00:35]} 12. Bg5 {[%emt 0:00:03]} f6 {[%emt 0:00:05]} 13. Bh4 {[%emt 0:00:06]} Re8 {[%emt 0:00:07]} 14. O-O-O {[%emt 0:00:05]} Bg4 {[%emt 0:00:10]} 15. h3 {[%emt 0:00:06]} Bxf3 {[%emt 0:00:01]} 16. gxf3 {[%emt 0:00:01]} Nc5 {[%emt 0:00:14]} 17. Rfe1 {[%emt 0:00:10]} Qxe2 {[%emt 0:00:02]} 18. Rxe2 {[%emt 0:00:01]} Rxe2 {[%emt 0:00:02]} 19. Bg3 {[%emt 0:00:12]} Rb8 {[%emt 0:00:22]} 20. Bf4 {[%emt 0:00:07]} Na4 {[%emt 0:00:03]} 21. b3 {[%emt 0:00:12]} Nc3 {[%emt 0:00:05]} 22. Rd3 {[%emt 0:00:06]} Nxa2+ {[%emt 0:00:08]} 23. Kd1 {[%emt 0:00:03]} Rxf2 {[%emt 0:00:07]} 24. Rd2 {[%emt 0:00:07]} Rxd2+ {[%emt 0:00:03]} 25. Bxd2 {[%emt 0:00:03]} Re8 {[%emt 0:00:02]} 26. f4 {[%emt 0:00:18]} Kf7 {[%emt 0:00:01]} 27. h4 {[%emt 0:00:03]} Kg6 {[%emt 0:00:02]} 28. c4 {[%emt 0:00:08]} Kh5 {[%emt 0:00:03]} 29. Be1 {[%emt 0:00:14]} Nc3+ {[%emt 0:00:01]} 30. Bxc3 {[%emt 0:00:03]} Kxh4 {[%emt 0:00:01]} 31. Be1+ {[%emt 0:00:10]} Kg4 {[%emt 0:00:01]} 32. Bd2 {[%emt 0:00:06]} h5 {[%emt 0:00:03]} 33. Be1 {[%emt 0:00:05]} h4 {[%emt 0:00:01]} 34. Bxh4 {[%emt 0:00:14]} Kxh4 {[%emt 0:00:01]} 35. Kc2 {[%emt 0:00:02]} Kg4 {[%emt 0:00:01]} 36. f5 {[%emt 0:00:03]} Kxf5 {[%emt 0:00:01]} 37. Kc3 {[%emt 0:00:02]} Ke4 {[%emt 0:00:01]} 38. b4 {[%emt 0:00:03]} g5 {[%emt 0:00:02]} 39. Kd2 {[%emt 0:00:04]} Kd4 {[%emt 0:00:01]} 40. Kc2 {[%emt 0:00:07]} g4 {[%emt 0:00:02]} 41. Kb3 {[%emt 0:00:02]} g3 {[%emt 0:00:01]} 42. b5 {[%emt 0:00:03]} cxb5 {[%emt 0:00:01]} 43. cxb5 {[%emt 0:00:01]} Kc5 {[%emt 0:00:02]} 44. Ka4 {[%emt 0:00:03]} g2 {[%emt 0:00:01]} 45. Ka5 {[%emt 0:00:02]} g1=Q {[%emt 0:00:02]} 46. Ka6 {[%emt 0:00:02]} Kb4 {[%emt 0:00:05]} 47. b6 {[%emt 0:00:12]} Qxb6# {[%emt 0:00:00] (Lag: Av=0.67s, max=1.2s)} 0-1